• 首页
  • 本馆介绍
  • 公告通知
  • 最新文献
  • 馆藏检索
  • 电子资源
  • 读者导购
  • 参考咨询
  • 我的图书馆
  • 登录
  • 详细信息显示
  • 放入我的书架
  • 预约/预借图书
  • 作者相关作品
  • 分类相关作品
  • 丛书相关作品
  • 出版社相关作品

书目信息

  • 表格格式
  • 工作单格式
  • 卡片格式
题名:
教学伦理学
    
 
作者: 欧阳超 著
分册:  
出版信息: 成都   四川大学出版社  2008
页数: 293页
开本: 21cm
丛书名:
单 册:
中图分类: G40-059.1
科图分类:
主题词: 教学工作--伦理学--研究 , 教学工作 , 伦理学 , 教育学
电子资源:
ISBN: 978-7-5614-3985-2
000 00858nam0 2200265 450
001 1259964671
005 20121005164010.18
010    @a978-7-5614-3985-2@dCNY22.00
100    @a20080717d2008 em y0chiy50 ea
101 0  @achi
102    @aCN@b510000
105    @ay z 000yy
200 1  @a教学伦理学@Ajiao xue lun li xue@f欧阳超著
210    @a成都@c四川大学出版社@d2008
215    @a293页@d21cm
300    @a四川省教育厅人文社会科学重点研究基地——西华师范大学四川省教育发展研究中心立项项目
330    @a本书分为八章,分别讲述了教学道德总原则、教学目的和教学评价伦理、教学内容伦理、教学关系伦理等内容。
606 0  @a教学工作@x伦理学@x研究
606 0  @a教学工作
606 0  @a伦理学
606 0  @a教育学
690    @aG40-059.1@v4
701  0 @a欧阳超@Aou yang chao@c(教师)@4著
801  0 @aCN@bNLC@c20101222
905    @a10447@dG40-059.1@eJY503
    
    教学伦理学/欧阳超著.-成都:四川大学出版社,2008
    293页;21cm
    四川省教育厅人文社会科学重点研究基地——西华师范大学四川省教育发展研究中心立项项目
    
    ISBN 978-7-5614-3985-2:CNY22.00
    本书分为八章,分别讲述了教学道德总原则、教学目的和教学评价伦理、教学内容伦理、教学关系伦理等内容。
●
相关链接 在E读中查询图书 在五车中查询图书 在当当中查询图书 在豆瓣中查询图书


正题名:教学伦理学     索取号:G40-059.1/JY503         预约/预借

序号 登录号 条形码 馆藏地/架位号 状态 备注
1 7806258   278062588   学院路分馆/ [索取号:G40-059.1/JY503] 在馆    
2 7806259   278062597   学院路分馆/ [索取号:G40-059.1/JY503] 在馆    
唐山师范学院图书馆 欢迎您!
大连网信软件有限公司© 版权所有